[Event "SV Hamm 1 - Bochumer SV 2"]
[Site "Verbandsliga - Gruppe 2 2018/"]
[Date "2019.03.10"]
[Round "7.3"]
[White "Spiess, Timo-Christian"]
[Black "Schlaap, Ralf"]
[Result "1/2-1/2"]
[WhiteElo "2070"]
[BlackElo "2039"]
[PlyCount "34"]
[EventDate "2019.??.??"]

1. e4 c5 2. Nf3 d6 3. c3 Nf6 4. Bd3 Nc6 5. Bc2 Bg4 6. d3 e6 7. Nbd2 Be7 8. h3
Bh5 9. Nf1 d5 10. Ng3 Bg6 11. Qe2 O-O 12. Nh4 dxe4 13. Nxg6 hxg6 14. Nxe4 Qd5
15. O-O Rfd8 16. Be3 b6 17. Rfd1 Rac8 1/2-1/2

[Event "SV Hamm 1 - Bochumer SV 2"]
[Site "Verbandsliga - Gruppe 2 2018/"]
[Date "2019.03.10"]
[Round "7.4"]
[White "Dukic, Dalibor"]
[Black "Hinkmann, Jens"]
[Result "1/2-1/2"]
[WhiteElo "2030"]
[BlackElo "2012"]
[PlyCount "34"]
[EventDate "2019.??.??"]

1. d4 d5 2. Nf3 Nc6 3. Bf4 Nf6 4. h3 e6 5. Nbd2 Bd6 6. Bxd6 Qxd6 7. e3 e5 8.
Bb5 exd4 9. exd4 O-O 10. O-O a6 11. Bxc6 Qxc6 12. Re1 Bf5 13. c3 Ne4 14. Ne5
Qd6 15. Nf1 Rae8 16. Re3 f6 17. Nd3 Ng5 1/2-1/2

[Event "SV Hamm 1 - Bochumer SV 2"]
[Site "Verbandsliga - Gruppe 2 2018/"]
[Date "2019.03.10"]
[Round "7.5"]
[White "Goralski, Christian"]
[Black "Hufelschulte, Norbert"]
[Result "0-1"]
[WhiteElo "1967"]
[BlackElo "2013"]
[PlyCount "98"]
[EventDate "2019.??.??"]

1. e4 c5 2. c3 e5 3. d4 cxd4 4. cxd4 exd4 5. Nf3 Bb4+ 6. Nbd2 Nf6 7. e5 Ne4 8.
Bd3 Nxd2 9. Nxd2 d6 10. O-O dxe5 11. Nc4 Nc6 12. a3 Be7 13. f4 e4 14. Bxe4 Be6
15. Ne5 Bd5 16. Bd3 Nxe5 17. fxe5 a6 18. Qg4 Qb6 19. b4 Be6 20. Qe2 O-O 21. Qe4
g6 22. Bb2 Rfd8 23. h4 Qc6 24. Qf4 Qd7 25. h5 Bf5 26. hxg6 hxg6 27. Rad1 Be6
28. Be4 Qa4 29. Qh6 Bf8 30. Qg5 Bg7 31. Bxd4 Rd7 32. Qc1 Rad8 33. Bc2 Bb3 34.
Bxb3 Qxb3 35. Rf3 Qe6 36. Rfd3 Qf5 37. Bb6 Rxd3 38. Bxd8 Rxd1+ 39. Qxd1 Qxe5
40. Bb6 Qa1 41. Qxa1 Bxa1 42. Kf2 Kf8 43. Ke3 Ke7 44. g4 Ke6 45. Ke4 f5+ 46.
gxf5+ gxf5+ 47. Kf4 Bb2 48. a4 Bc1+ 49. Kf3 Kd5 0-1

[Event "SV Hamm 1 - Bochumer SV 2"]
[Site "Verbandsliga - Gruppe 2 2018/"]
[Date "2019.03.10"]
[Round "7.6"]
[White "Vierbuchen, Joachim"]
[Black "Peters, Olaf"]
[Result "0-1"]
[WhiteElo "1908"]
[BlackElo "1904"]
[PlyCount "80"]
[EventDate "2019.??.??"]

1. d4 d5 2. c4 e6 3. Nc3 Nf6 4. Bg5 Be7 5. e3 Nbd7 6. Nf3 h6 7. Bh4 b6 8. Rc1
O-O 9. Bd3 dxc4 10. Bxc4 Bb7 11. O-O c5 12. Qe2 Ne4 13. Bxe7 Nxc3 14. Rxc3 Qxe7
15. Ba6 cxd4 16. exd4 Nf6 17. Bxb7 Qxb7 18. a3 Rac8 19. Rfc1 Nd5 20. R3c2 Ne7
21. h3 Rxc2 22. Rxc2 Rc8 23. Rxc8+ Qxc8 24. Qd2 a5 25. Kf1 Qc4+ 26. Ke1 Nd5 27.
Ne5 Qc7 28. Nd3 Qh2 29. g3 Qxh3 30. Qc2 Qh1+ 31. Kd2 Qe4 32. Qc4 Qf3 33. Qc8+
Kh7 34. Qc2 g6 35. Qc4 Kg7 36. Ke1 Nf6 37. b4 axb4 38. axb4 Ne4 39. d5 exd5 40.
Qxd5 Qh1+ 0-1

[Event "SV Hamm 1 - Bochumer SV 2"]
[Site "Verbandsliga - Gruppe 2 2018/"]
[Date "2019.03.10"]
[Round "7.7"]
[White "Floeren, Philipp"]
[Black "Woertler, Lars-Erik"]
[Result "1-0"]
[WhiteElo "1884"]
[BlackElo "1869"]
[PlyCount "55"]
[EventDate "2019.??.??"]

1. e4 e6 2. d4 d5 3. exd5 exd5 4. Nf3 Bg4 5. Bd3 Bd6 6. O-O Ne7 7. c3 Nbc6 8.
Bg5 f6 9. Bh4 Qd7 10. Nbd2 g5 11. Bg3 h5 12. Qc2 O-O-O 13. Rfe1 h4 14. Bxd6
Qxd6 15. Re3 Bd7 16. Nf1 g4 17. N3d2 f5 18. Rae1 f4 19. R3e2 Rdg8 20. b4 Ng6
21. Bf5 f3 22. Re6 Qf4 23. Bxg6 Bxe6 24. Rxe6 Rf8 25. g3 hxg3 26. fxg3 Qh6 27.
Bf5 f2+ 28. Kh1 1-0

[Event "SV Hamm 1 - Bochumer SV 2"]
[Site "Verbandsliga - Gruppe 2 2018/"]
[Date "2019.03.10"]
[Round "7.8"]
[White "Brieger, Sebastian"]
[Black "Bautz, Volker"]
[Result "0-1"]
[WhiteElo "1762"]
[BlackElo "1865"]
[PlyCount "48"]
[EventDate "2019.??.??"]

1. e4 c5 2. c3 g6 3. d4 cxd4 4. cxd4 Bg7 5. Nc3 d6 6. Nf3 Nf6 7. Be2 O-O 8. h3
a6 9. O-O b5 10. Qb3 Bb7 11. Bd3 Nc6 12. Re1 Rc8 13. Bg5 Na5 14. Qd1 Nc4 15.
Qe2 Qa5 16. Rac1 h6 17. Bf4 Nd7 18. Bg3 Rfe8 19. Rc2 Nxb2 20. Rxb2 Rxc3 21. Rc2
Rxc2 22. Qxc2 Bxd4 23. Rb1 Bg7 24. Qe2 Nc5 0-1

[Event "SV Wattenscheid 3 - Rochade Steele/Kray"]
[Site "Verbandsklasse - Gruppe 1 201"]
[Date "2019.03.10"]
[Round "7.1"]
[White "Ghajar Koshravi, Ariaan"]
[Black "Leveikina, Jevgenija"]
[Result "0-1"]
[WhiteElo "1835"]
[BlackElo "2032"]
[PlyCount "144"]
[EventDate "2019.??.??"]

1. e4 c6 2. d4 d5 3. exd5 cxd5 4. Nf3 Nf6 5. Bd3 Bg4 6. O-O e6 7. Bg5 Be7 8.
Nbd2 O-O 9. h3 Bh5 10. g4 Bg6 11. Bxg6 hxg6 12. Ne5 Nfd7 13. Bxe7 Qxe7 14. f4
Nxe5 15. fxe5 Nc6 16. c3 b5 17. a3 a5 18. b4 axb4 19. axb4 Rxa1 20. Qxa1 Qg5
21. Nf3 Qe3+ 22. Kg2 Nb8 23. Qe1 Qxe1 24. Rxe1 Rc8 25. Rc1 Nd7 26. Nd2 Ra8 27.
Nb3 Ra3 28. Nc5 Nb6 29. Kf3 g5 30. Rc2 Kf8 31. Ke3 Nc4+ 32. Kd3 Ra1 33. Rf2 Ke7
34. Rh2 Rd1+ 35. Kc2 Ra1 36. Kd3 Rd1+ 37. Kc2 Rg1 38. Nb7 Ra1 39. Kd3 Ra7 40.
Nc5 Ra1 41. Nb3 Ra3 42. Nc5 Ra1 43. Nb3 Rd1+ 44. Kc2 Ne3+ 45. Kb2 Rg1 46. Nd2
f6 47. Re2 Rg3 48. exf6+ gxf6 49. Rh2 Nd1+ 50. Kc2 Nxc3 51. Nf1 Rf3 52. Nd2 Re3
53. h4 gxh4 54. Rxh4 Ne2 55. Nb3 Rc3+ 56. Kb2 Rc4 57. Ka3 Nxd4 58. Na5 Rc3+ 59.
Kb2 Rg3 60. g5 e5 61. gxf6+ Kxf6 62. Rh6+ Kf5 63. Rd6 Ke4 64. Nb7 Rg2+ 65. Kc1
Nb3+ 66. Kb1 Nd2+ 67. Kc1 Nc4 68. Nc5+ Kd4 69. Ne6+ Kc3 70. Rxd5 Rc2+ 71. Kb1
Nd2+ 72. Rxd2 Rxd2 0-1

[Event "SV Wattenscheid 3 - Rochade Steele/Kray"]
[Site "Verbandsklasse - Gruppe 1 201"]
[Date "2019.03.10"]
[Round "7.2"]
[White "Wolf, Ulrich"]
[Black "Ophoven, Hermann"]
[Result "1-0"]
[WhiteElo "2029"]
[BlackElo "1718"]
[PlyCount "149"]
[EventDate "2019.??.??"]

1. d4 g6 2. c4 Bg7 3. Nf3 d6 4. Nc3 Nd7 5. e4 c6 6. Be2 e5 7. O-O Ne7 8. dxe5
dxe5 9. Be3 O-O 10. Qd2 Qc7 11. Rfd1 Nf6 12. Bc5 Bg4 13. Bd6 Qd8 14. Nxe5 Bxe2
15. Qxe2 Re8 16. Ng4 Qa5 17. Nxf6+ Bxf6 18. Qf3 Bg7 19. a3 Qg5 20. Rd3 f5 21.
Rad1 Bxc3 22. Rxc3 fxe4 23. Qxe4 Nf5 24. Qf4 Qxf4 25. Bxf4 Rad8 26. Rxd8 Rxd8
27. Rc1 Nd4 28. Kf1 Nb3 29. Rc3 Nc5 30. Ke2 Kf7 31. Be3 Re8 32. b4 Ne4 33. Rd3
Re7 34. f3 Nf6 35. Kf2 a6 36. Bg5 Rd7 37. Rxd7+ Nxd7 38. Ke3 Ke6 39. Kd4 Nb6
40. g4 Nd7 41. Bf4 Nf8 42. h3 Nd7 43. Bc7 Nf6 44. Be5 Nd7 45. Bg7 Kf7 46. Bh6
Ke6 47. f4 Nf6 48. Bg5 Nd7 49. Ke4 Nb6 50. f5+ gxf5+ 51. gxf5+ Kf7 52. Kd4 Nd7
53. Bd8 Ke8 54. Bc7 Ke7 55. Be5 Nf8 56. a4 Nd7 57. c5 Kf7 58. Ke4 a5 59. Bd4
axb4 60. Kd3 Nf6 61. Bxf6 Kxf6 62. Kc4 Kxf5 63. Kxb4 Ke6 64. Ka5 Kd7 65. Kb6
Kc8 66. a5 Kb8 67. a6 bxa6 68. Kxa6 Kc7 69. Ka7 Kc8 70. Kb6 Kd7 71. Kb7 Kd8 72.
Kxc6 Kc8 73. h4 h5 74. Kd6 Kd8 75. Ke6 1-0

[Event "SV Wattenscheid 3 - Rochade Steele/Kray"]
[Site "Verbandsklasse - Gruppe 1 201"]
[Date "2019.03.10"]
[Round "7.3"]
[White "Struschka, Andreas"]
[Black "Thelen, Thomas"]
[Result "1/2-1/2"]
[WhiteElo "1922"]
[BlackElo "1979"]
[PlyCount "45"]
[EventDate "2019.??.??"]

1. e4 c5 2. Nf3 d6 3. d4 cxd4 4. Nxd4 Nf6 5. Nc3 a6 6. h3 e5 7. Nde2 Be6 8. g4
h6 9. Bg2 Nbd7 10. Be3 Qc7 11. O-O Rc8 12. Kh1 b5 13. a3 g5 14. Ng3 h5 15. gxh5
g4 16. f4 gxh3 17. Bf3 Bh6 18. Nf5 Bxf5 19. exf5 exf4 20. Bd4 Ne5 21. Qe1 Kf8
22. Qh4 Bg7 23. Qxf4 1/2-1/2

[Event "SV Wattenscheid 3 - Rochade Steele/Kray"]
[Site "Verbandsklasse - Gruppe 1 201"]
[Date "2019.03.10"]
[Round "7.4"]
[White "Peter, Thomas"]
[Black "Hilse, Dieter"]
[Result "1-0"]
[WhiteElo "2085"]
[BlackElo "1678"]
[PlyCount "51"]
[EventDate "2019.??.??"]

1. e4 e5 2. Nf3 Nf6 3. d3 d6 4. Be2 Be7 5. O-O O-O 6. Nbd2 h6 7. Nc4 Be6 8. Ne3
Nc6 9. c4 Qc8 10. Nd5 Bxd5 11. cxd5 Nd8 12. Nh4 Re8 13. Nf5 Bf8 14. Bg4 Nxg4
15. Qxg4 Kh7 16. f4 g6 17. Nxh6 Bxh6 18. Qh4 Kg7 19. f5 Be3+ 20. Bxe3 Rh8 21.
Qe7 Rh5 22. fxg6 Kxg6 23. Rf6+ Kg7 24. Raf1 Kg8 25. Rg6+ Kh7 26. Rxf7+ 1-0

[Event "SV Wattenscheid 3 - Rochade Steele/Kray"]
[Site "Verbandsklasse - Gruppe 1 201"]
[Date "2019.03.10"]
[Round "7.5"]
[White "Jacob, Donald"]
[Black "Doehmann, Joerg"]
[Result "1/2-1/2"]
[WhiteElo "1572"]
[BlackElo "1717"]
[PlyCount "132"]
[EventDate "2019.??.??"]

1. d4 d5 2. Bf4 Nf6 3. Nf3 Bf5 4. e3 e6 5. Bd3 Bxd3 6. cxd3 Be7 7. h3 O-O 8. a3
Nbd7 9. b4 c6 10. Qb3 Qb6 11. Nc3 Rfc8 12. Rb1 a5 13. O-O axb4 14. axb4 Qa6 15.
b5 Qa3 16. bxc6 bxc6 17. Rfc1 Qxb3 18. Rxb3 c5 19. Rcb1 cxd4 20. exd4 Kf8 21.
Ne5 Nxe5 22. Bxe5 Nd7 23. Bf4 Ra3 24. Rxa3 Bxa3 25. Rb3 Be7 26. g3 g5 27. Be3
Rb8 28. Rxb8+ Nxb8 29. Na4 Nc6 30. Nc5 Ke8 31. Kf1 Bf6 32. Nb3 Ke7 33. Ke2 h6
34. Kd2 Bg7 35. Kc3 f5 36. f3 Bf6 37. f4 gxf4 38. gxf4 Bh4 39. Nd2 Be1 40. Kc2
Bxd2 41. Kxd2 Kd7 42. Kc3 Ne7 43. Bf2 Ng6 44. Bg3 Kc6 45. Kb4 Kb6 46. Ka4 h5
47. Kb4 Ne7 48. Bf2 Nc6+ 49. Ka4 Ka6 50. Be3 Na7 51. Kb4 Kb6 52. Bf2 Nb5 53.
Be3 Kc6 54. Bf2 Kb6 55. Be3 Na7 56. Bf2 Nc6+ 57. Ka4 Ka6 58. Be3 Ne7 59. Bf2
Ng6 60. Bg3 Kb6 61. Kb4 Ne7 62. Bf2 Nc6+ 63. Ka4 Ne7 64. Kb4 Nc6+ 65. Ka4 Ne7
66. Kb4 Nc6+ 1/2-1/2

[Event "SV Wattenscheid 3 - Rochade Steele/Kray"]
[Site "Verbandsklasse - Gruppe 1 201"]
[Date "2019.03.10"]
[Round "7.6"]
[White "Schlee, Ulrich"]
[Black "Niemann, Walter"]
[Result "1-0"]
[WhiteElo "1715"]
[BlackElo "1714"]
[PlyCount "63"]
[EventDate "2019.??.??"]

1. e4 d5 2. exd5 Nf6 3. d4 Nxd5 4. c4 Nb6 5. Nf3 Bg4 6. Be2 c6 7. Qd3 N8d7 8.
Nc3 e6 9. Bf4 Be7 10. O-O O-O 11. Rfe1 Nf6 12. Rad1 Nh5 13. Bc1 Nd7 14. d5 Bf5
15. Qd2 exd5 16. cxd5 cxd5 17. Qxd5 g6 18. Bb5 Nhf6 19. Qxb7 Rb8 20. Qxa7 Bc5
21. Qa4 Qc7 22. Bf4 Qb6 23. Bxb8 Bxf2+ 24. Kh1 Bxe1 25. Ba7 Qc7 26. Rxe1 Ra8
27. Bxd7 Rxa7 28. Qd4 Ra6 29. Bxf5 gxf5 30. Nd5 Qd6 31. Nxf6+ Qxf6 32. Qxf6 1-0

[Event "SV Wattenscheid 3 - Rochade Steele/Kray"]
[Site "Verbandsklasse - Gruppe 1 201"]
[Date "2019.03.10"]
[Round "7.7"]
[White "Kleeberg, Stefan"]
[Black "Nigl, Andreas"]
[Result "0-1"]
[WhiteElo "1554"]
[BlackElo "2004"]
[PlyCount "82"]
[EventDate "2019.??.??"]

1. d4 Nf6 2. c4 e6 3. Nc3 Bb4 4. Bd2 O-O 5. a3 Bxc3 6. Bxc3 Ne4 7. Qc2 d5 8.
Nf3 Nd7 9. e3 b6 10. b4 c5 11. dxc5 bxc5 12. b5 Bb7 13. Rd1 Nxc3 14. Qxc3 Qf6
15. Qxf6 Nxf6 16. Ne5 a6 17. b6 Rfd8 18. f3 Rd6 19. Rb1 Rad8 20. a4 Nd7 21.
Nxd7 R8xd7 22. cxd5 exd5 23. Kd2 Kf8 24. Be2 Rg6 25. g4 Ke7 26. h4 Kd6 27. g5
Re6 28. Rh3 Rde7 29. f4 Re4 30. Bd1 d4 31. exd4 Rxd4+ 32. Kc3 Re1 33. Bc2 Rxb1
34. Bxb1 Rxa4 35. Rd3+ Kc6 36. Rd2 Rxf4 37. Bxh7 Rxh4 38. Bg8 Rf4 39. Rg2 Kxb6
40. Rg3 g6 41. Kd3 Bd5 0-1

[Event "SV Wattenscheid 3 - Rochade Steele/Kray"]
[Site "Verbandsklasse - Gruppe 1 201"]
[Date "2019.03.10"]
[Round "7.8"]
[White "Hielscher, Klaus-Peter"]
[Black "Jahrke, Lothar"]
[Result "1-0"]
[WhiteElo "1664"]
[BlackElo "1743"]
[PlyCount "81"]
[EventDate "2019.??.??"]

1. Nf3 Nf6 2. g3 g6 3. Bg2 Bg7 4. d3 d5 5. Nbd2 O-O 6. O-O Nbd7 7. e4 dxe4 8.
Nxe4 Nb6 9. Nc3 Nfd5 10. Nxd5 Nxd5 11. c3 c6 12. d4 Qb6 13. Re1 e6 14. Ne5 c5
15. dxc5 Qxc5 16. Qe2 Rb8 17. Nd3 Qc7 18. Nf4 Nxf4 19. Bxf4 e5 20. Bxe5 Bxe5
21. Qxe5 Qxe5 22. Rxe5 Be6 23. Bd5 Bxd5 24. Rxd5 Rbd8 25. Rad1 Rxd5 26. Rxd5
Rb8 27. c4 Kf8 28. Rd7 Ke8 29. Rc7 a6 30. b4 h5 31. a4 b5 32. axb5 axb5 33. c5
Kf8 34. Kg2 Kg7 35. Rc6 Kf8 36. Rb6 Rc8 37. Rxb5 Ke7 38. Rb7+ Ke6 39. Kf3 Kd5
40. Rxf7 Rb8 41. Rf4 1-0

[Event "SC Mülheim 1 - SC Werl 1981 1"]
[Site "Verbandsklasse - Gruppe 1 201"]
[Date "2019.03.10"]
[Round "7.1"]
[White "Schwarzkopf, Christian"]
[Black "Viebahn, Dirk"]
[Result "1/2-1/2"]
[WhiteElo "2041"]
[BlackElo "2117"]
[PlyCount "112"]
[EventDate "2019.??.??"]

1. d4 Nf6 2. Nf3 d5 3. Bg5 c6 4. c3 Qb6 5. Qb3 h6 6. Bf4 g5 7. Be5 Bf5 8. Qxb6
axb6 9. Bxf6 exf6 10. Nbd2 b5 11. e3 Nd7 12. Kd1 Nb6 13. Ne1 Na4 14. Kc1 Nxc3
15. bxc3 Ba3+ 16. Kd1 Bb2 17. Rc1 Bxc1 18. Kxc1 Rxa2 19. Bd3 Bxd3 20. Nxd3 Ra1+
21. Nb1 Ke7 22. Nb4 Rha8 23. Rd1 Kd6 24. Rd2 f5 25. Rb2 h5 26. Rd2 h4 27. Rb2
f6 28. Rd2 h3 29. gxh3 Rh8 30. Na2 Ra8 31. Nb4 R1a4 32. f4 Rh8 33. fxg5 fxg5
34. Rg2 Rxh3 35. Rxg5 Ke6 36. Nc2 Rxh2 37. Kb2 Ra8 38. Rg6+ Kf7 39. Rg1 Kf6 40.
Kb3 Re2 41. Rh1 Rg8 42. Nba3 Rg7 43. Rh6+ Kg5 44. Rh1 Rg2 45. Kb4 Rg3 46. Rf1
b6 47. Kb3 Rh7 48. Rf2 Rh1 49. Kb2 Rhh3 50. Kb3 Kf6 51. Kb2 Ke6 52. Re2 Kd6 53.
Rf2 Rh5 54. Kb3 Kc7 55. Kb2 Kd7 56. Kb3 Ke6 1/2-1/2

[Event "SC Mülheim 1 - SC Werl 1981 1"]
[Site "Verbandsklasse - Gruppe 1 201"]
[Date "2019.03.10"]
[Round "7.2"]
[White "Langschmidt, Dirk"]
[Black "Karmainski, Andreas"]
[Result "1-0"]
[WhiteElo "1986"]
[BlackElo "2116"]
[PlyCount "95"]
[EventDate "2019.??.??"]

1. e4 e6 2. d4 d5 3. Nc3 Bb4 4. exd5 exd5 5. Qf3 Qe7+ 6. Nge2 Nc6 7. Be3 Nf6 8.
O-O-O Bxc3 9. Nxc3 Bg4 10. Nxd5 Bxf3 11. Nxe7 Bxd1 12. Nxc6 Bh5 13. Na5 O-O-O
14. f3 Rhe8 15. Bf2 Nd5 16. Nc4 f6 17. c3 Re7 18. Kd2 Rde8 19. h4 Bf7 20. b3
Nf4 21. Ne3 c5 22. Bb5 Rd8 23. Nf5 Rc7 24. Bg3 g5 25. hxg5 fxg5 26. Rxh7 Bg6
27. Ne7+ Kb8 28. Rg7 cxd4 29. cxd4 Bb1 30. Rxg5 Rxe7 31. Bxf4+ Ka8 32. Be5 Re6
33. Bc4 Rg6 34. Rxg6 Bxg6 35. g4 a6 36. f4 b5 37. Bd3 Rg8 38. g5 Kb7 39. d5 Kb6
40. Bxg6 Rxg6 41. Ke3 Kc5 42. Ke4 Rg8 43. d6 a5 44. Kf5 Kd5 45. g6 Rf8+ 46. Kg5
Ke6 47. g7 Ra8 48. Kg6 1-0

[Event "SC Mülheim 1 - SC Werl 1981 1"]
[Site "Verbandsklasse - Gruppe 1 201"]
[Date "2019.03.10"]
[Round "7.3"]
[White "Stolle, Dietmar"]
[Black "Achenbach, Manfred"]
[Result "1/2-1/2"]
[WhiteElo "2008"]
[BlackElo "1881"]
[Annotator "Daniel"]
[PlyCount "107"]
[EventDate "2019.??.??"]

1. c4 c5 2. Nf3 Nf6 3. d4 cxd4 4. Nxd4 g6 5. Nc3 Bg7 6. e4 d6 7. Be2 Nc6 8. Be3
Bd7 9. h3 Rc8 10. O-O O-O 11. Qd2 Nxd4 12. Bxd4 Bc6 13. f3 b6 14. Rac1 e6 15.
Rfd1 Ne8 16. Bxg7 Kxg7 17. Qd4+ f6 18. b4 Qe7 19. f4 e5 20. Qf2 Nc7 21. f5 gxf5
22. exf5 Kh8 23. Bf3 Bxf3 24. Qxf3 Na6 25. Nd5 Qg7 26. a3 Nb8 27. b5 Nd7 28.
Ne3 Qe7 $11 29. Qd5 Qg7 30. Qxd6 Nc5 31. Qd2 Nb3 32. Qe1 Nxc1 33. Rxc1 Qg5 34.
Rd1 Rg8 35. g4 Rgd8 36. Rxd8+ Rxd8 37. Nd5 Rc8 38. Ne3 Qf4 39. Qf2 Qxf2+ 40.
Kxf2 Kg7 41. h4 $11 h6 42. Kf3 Rc5 43. Ke4 Rc8 44. a4 Kf7 45. Kd3 Rd8+ 46. Nd5
Rg8 47. Ne3 Rh8 48. h5 Rd8+ 49. Nd5 Rc8 50. Kc3 Rg8 51. Ne3 Rd8 52. Nd5 Rf8 53.
Kb4 Rg8 54. Ne3 1/2-1/2

[Event "SC Mülheim 1 - SC Werl 1981 1"]
[Site "Verbandsklasse - Gruppe 1 201"]
[Date "2019.03.10"]
[Round "7.4"]
[White "Riese, Manfred"]
[Black "Lampe, Thomas"]
[Result "1/2-1/2"]
[WhiteElo "1827"]
[BlackElo "1967"]
[PlyCount "36"]
[EventDate "2019.??.??"]

1. c4 Nf6 2. g3 c5 3. Bg2 Nc6 4. Nc3 d6 5. d3 g6 6. Bg5 Bg7 7. Qd2 h6 8. Bxf6
Bxf6 9. e3 O-O 10. Nge2 Kh7 11. O-O Rb8 12. Rab1 Bd7 13. Rfd1 e5 14. Nd5 Bg7
15. b4 Nxb4 16. Nxb4 cxb4 17. Qxb4 Bc6 18. e4 f5 1/2-1/2

[Event "SC Mülheim 1 - SC Werl 1981 1"]
[Site "Verbandsklasse - Gruppe 1 201"]
[Date "2019.03.10"]
[Round "7.5"]
[White "Beulertz, Stefan"]
[Black "Straenger, Petra"]
[Result "1-0"]
[WhiteElo "2007"]
[BlackElo "1814"]
[PlyCount "101"]
[EventDate "2019.??.??"]

1. e4 d5 2. exd5 Qxd5 3. Nf3 Nf6 4. d4 Bf5 5. Be2 e6 6. O-O c6 7. c4 Qd8 8. Nc3
Bd6 9. Qb3 Qc8 10. Re1 O-O 11. Bg5 Nbd7 12. Bf1 h6 13. Bh4 Qb8 14. Bxf6 Nxf6
15. Ne5 Rd8 16. g3 Nd7 17. Nf3 Nf6 18. Bg2 Qc7 19. c5 Be7 20. Qc4 Re8 21. b4
Nd5 22. a4 Nxc3 23. Qxc3 Bf6 24. b5 Rad8 25. Rac1 Rd7 26. Ne5 Bxe5 27. dxe5
Red8 28. bxc6 bxc6 29. Qf3 Rd5 30. g4 Bg6 31. Qe2 Bd3 32. Qe3 Rd4 33. Red1 Qd7
34. h3 a5 35. Rd2 Rxa4 36. Rcd1 Rd4 37. Bf1 Rd5 38. Rxd3 Qb7 39. Rxd5 exd5 40.
g5 hxg5 41. Qxg5 Re8 42. h4 Qb2 43. Re1 Qd4 44. h5 Re6 45. Re3 Qxc5 46. Bh3
Qc1+ 47. Kg2 d4 48. Qd8+ Kh7 49. Bf5+ Kh6 50. Rg3 Rxe5 51. Qh8# 1-0

[Event "SC Mülheim 1 - SC Werl 1981 1"]
[Site "Verbandsklasse - Gruppe 1 201"]
[Date "2019.03.10"]
[Round "7.6"]
[White "Riek, Wolfgang"]
[Black "Vieweger, Torsten"]
[Result "0-1"]
[WhiteElo "1786"]
[BlackElo "1892"]
[PlyCount "84"]
[EventDate "2019.??.??"]

1. Nf3 d5 2. d4 e6 3. c4 f5 4. e3 Nf6 5. Nc3 c6 6. Bd2 Bd6 7. Bd3 O-O 8. O-O
Qe7 9. g3 Ne4 10. c5 Bc7 11. b4 Bd7 12. a4 Be8 13. Bxe4 fxe4 14. Ne1 Nd7 15.
Ng2 e5 16. Qb3 Kh8 17. b5 Rb8 18. a5 Bh5 19. b6 axb6 20. axb6 Bd8 21. Ne1 Qf7
22. f4 exf3 23. Rf2 Qf5 24. Qd1 e4 25. Nc2 Nf6 26. Qf1 Ng4 27. Qh3 Nxf2 28.
Qxf5 Rxf5 29. Kxf2 Bg4 30. Be1 Be7 31. Ra7 Rf7 32. Nb4 Be6 33. Bd2 h5 34. Be1
h4 35. Kg1 f2+ 36. Bxf2 Rbf8 37. Nd1 Bg4 38. Rxb7 Bxd1 39. Nxc6 hxg3 40. hxg3
Rxf2 41. Nxe7 Rf1+ 42. Kg2 R8f2+ 0-1

[Event "SC Mülheim 1 - SC Werl 1981 1"]
[Site "Verbandsklasse - Gruppe 1 201"]
[Date "2019.03.10"]
[Round "7.7"]
[White "Scheibe, Andreas"]
[Black "Meyer, Friedel"]
[Result "1/2-1/2"]
[WhiteElo "1788"]
[BlackElo "1765"]
[PlyCount "39"]
[EventDate "2019.??.??"]

1. c4 c5 2. g3 g6 3. Bg2 Bg7 4. Nc3 Nf6 5. Nf3 d6 6. a3 O-O 7. Rb1 Nc6 8. b4
cxb4 9. axb4 Bf5 10. d3 Qd7 11. O-O Bh3 12. b5 Nd8 13. Bb2 Bxg2 14. Kxg2 Ne6
15. Qd2 d5 16. Nxd5 Nxd5 17. Bxg7 Kxg7 18. cxd5 Qxd5 19. e4 Qd6 20. d4 1/2-1/2

[Event "SC Mülheim 1 - SC Werl 1981 1"]
[Site "Verbandsklasse - Gruppe 1 201"]
[Date "2019.03.10"]
[Round "7.8"]
[White "Wisotzky, Klaus"]
[Black "Krahn, Reinhard"]
[Result "0-1"]
[WhiteElo "1638"]
[BlackElo "1735"]
[Annotator "Daniel"]
[PlyCount "106"]
[EventDate "2019.??.??"]

1. d4 d5 2. Nf3 Nf6 3. g3 g6 4. Bg2 Bg7 5. O-O O-O 6. Bf4 Nbd7 7. Qc1 Re8 8. c4
dxc4 9. Qxc4 c6 10. Nc3 Nb6 11. Qb3 Be6 12. Qc2 Nfd5 13. Nxd5 Nxd5 14. Bd2 Qb6
15. e3 Rac8 16. Rac1 Nb4 17. Bxb4 Qxb4 18. a3 Qd6 19. b4 Bf5 20. Qe2 a5 21. Qd2
axb4 22. Qxb4 Qxb4 23. axb4 Bd3 24. Rfe1 f6 25. Nd2 Bb5 26. Nb3 e5 27. d5 Bf8
28. dxc6 bxc6 29. Nc5 $11 Kf7 30. Red1 Red8 31. Bf1 Bxc5 32. bxc5 Rxd1 33. Rxd1
Ke7 34. Ra1 Rc7 35. Ra8 f5 36. h4 Ke6 37. Rd8 Rd7 38. Rxd7 Kxd7 39. Bg2 e4 40.
f3 Bd3 41. fxe4 Bxe4 42. Bf1 Ke6 43. Be2 Kd5 44. g4 Kxc5 45. h5 fxg4 46. hxg6
Bxg6 47. Bxg4 Kc4 48. Kf2 Kc3 49. Bf3 c5 50. Ke2 Bd3+ 51. Kd1 Kb2 52. Kd2 c4
53. Bd1 Bg6 0-1

[Event "DJK Wacker Bergeborbeck 1 - Sport Union"]
[Site "Verbandsklasse - Gruppe 1 201"]
[Date "2019.03.10"]
[Round "7.2"]
[White "Grodotzki, Thomas"]
[Black "Wicht, Juergen"]
[Result "1/2-1/2"]
[WhiteElo "1964"]
[BlackElo "2001"]
[Annotator "Daniel"]
[PlyCount "82"]
[EventDate "2019.??.??"]

1. e4 d6 2. d4 Nf6 3. Nc3 e5 4. dxe5 dxe5 5. Qxd8+ Kxd8 6. Bg5 c6 7. Nf3 Nbd7
8. Bd3 Bd6 9. O-O Nc5 10. h3 Ne6 11. Bh4 Ke7 12. Ne2 Re8 13. Rad1 Kf8 14. c3
Bc7 15. Bc2 Nc5 16. Bxf6 gxf6 17. Nh4 Be6 18. b3 a5 19. Ng3 a4 20. b4 Nd7 21.
Nhf5 Nb6 22. Bb1 Nc4 23. Nh5 Bxf5 24. exf5 Ke7 25. Ng3 $11 Rad8 26. Ne4 Nb2 27.
Rxd8 Rxd8 28. Bc2 b5 29. Rb1 Nc4 30. Rd1 Rxd1+ 31. Bxd1 Nd6 32. Ng3 Bb6 33. Kf1
c5 34. bxc5 Bxc5 35. Bc2 Bb6 36. Ke2 Kd7 37. Be4 Bd8 38. Kd3 Kc7 39. Nf1 Kb6
40. f3 Kc5 41. Ne3 b4 1/2-1/2

[Event "DJK Wacker Bergeborbeck 1 - Sport Union"]
[Site "Verbandsklasse - Gruppe 1 201"]
[Date "2019.03.10"]
[Round "7.3"]
[White "Sondermann, Dirk"]
[Black "Mombeck, Michael"]
[Result "1/2-1/2"]
[WhiteElo "1892"]
[BlackElo "1983"]
[PlyCount "40"]
[EventDate "2019.??.??"]

1. d4 Nf6 2. Nf3 g6 3. c4 Bg7 4. Nc3 d6 5. e4 O-O 6. Be2 c6 7. O-O Nbd7 8. Re1
e5 9. Bf1 exd4 10. Nxd4 Re8 11. f3 d5 12. exd5 Rxe1 13. Qxe1 cxd5 14. Be3 dxc4
15. Rd1 Qe7 16. Bxc4 Nb6 17. Bb3 Bd7 18. Bf2 Qxe1+ 19. Rxe1 Re8 20. Rxe8+ Nxe8
1/2-1/2

[Event "DJK Wacker Bergeborbeck 1 - Sport Union"]
[Site "Verbandsklasse - Gruppe 1 201"]
[Date "2019.03.10"]
[Round "7.5"]
[White "Hartung, Thomas"]
[Black "Schaedlich, Andreas"]
[Result "1/2-1/2"]
[WhiteElo "1928"]
[BlackElo "1881"]
[PlyCount "38"]
[EventDate "2019.??.??"]

1. e4 c5 2. Nf3 Nc6 3. d4 cxd4 4. Nxd4 d6 5. c4 Nf6 6. Nc3 g6 7. Be2 Bg7 8. Be3
O-O 9. O-O Bd7 10. f4 a6 11. Rc1 Rc8 12. f5 Qb6 13. Nc2 Qxb2 14. Qd2 Ne8 15. f6
Bxf6 16. Rxf6 Nxf6 17. Rb1 Nxe4 18. Rxb2 Nxd2 19. Bxd2 Rb8 1/2-1/2

[Event "DJK Wacker Bergeborbeck 1 - Sport Union"]
[Site "Verbandsklasse - Gruppe 1 201"]
[Date "2019.03.10"]
[Round "7.6"]
[White "Alinsug, Salvadore"]
[Black "Herrmann, Uwe"]
[Result "0-1"]
[WhiteElo "1711"]
[BlackElo "1886"]
[PlyCount "38"]
[EventDate "2019.??.??"]

1. e4 e6 2. c3 d5 3. exd5 exd5 4. d4 Bd6 5. Nf3 Bf5 6. Be2 h6 7. O-O Nf6 8. h3
O-O 9. Be3 Re8 10. a4 Qd7 11. Nbd2 Nc6 12. Re1 Re6 13. b4 Rae8 14. Nb3 Ne4 15.
Bd2 Bxh3 16. Ne5 Nxe5 17. dxe5 Rg6 18. Bf3 Bxg2 19. Bxg2 Qh3 0-1

[Event "DJK Wacker Bergeborbeck 1 - Sport Union"]
[Site "Verbandsklasse - Gruppe 1 201"]
[Date "2019.03.10"]
[Round "7.7"]
[White "Al Ali, Mohammad"]
[Black "Simsheuser, Josef"]
[Result "0-1"]
[WhiteElo "1819"]
[BlackElo "1737"]
[PlyCount "74"]
[EventDate "2019.??.??"]

1. d4 c5 2. d5 e5 3. e4 d6 4. c3 Nf6 5. Bg5 Be7 6. Nd2 Nxd5 7. exd5 Bxg5 8. Ne4
Be7 9. Bd3 O-O 10. Qc2 f5 11. Ng3 e4 12. Bc4 a6 13. a4 Bg5 14. N1e2 Nd7 15. Nc1
Ne5 16. Be2 Bd7 17. O-O Qe7 18. c4 Rae8 19. Ra3 Ng6 20. Bh5 f4 21. Nge2 Bf5 22.
g4 fxg3 23. Nxg3 Bh3 24. Re1 e3 25. fxe3 Ne5 26. e4 g6 27. Bd1 Qf6 28. Nd3 Be3+
29. Kh1 Bd4 30. Nxe5 Bxe5 31. Rf3 Qg5 32. Qf2 Rxf3 33. Bxf3 Bd4 34. Qe2 Rf8 35.
Qd3 Qf4 36. Bd1 Qf2 37. Qe2 Bg2# 0-1